00974nam a2200241 a 4500001000800000005001700008008004100025010001700066035002700083040002400110042001400134082001900148100003600167245014100203260005000344300003500394500012900429504005100558600004700609650002700656710002500683710002400708211720020220326193341.0960827s1988 mx a bc 000 0 spa d a 96186049  a(CStRLIN)NYMX90-B19942 aNNMoMAcNNMoMAdDLC alccopycat a759.987bR452a1 aReverón, Armando,d1889-1954.00aArmando Reveron :bla magia solar : Venezuela en Mexico : Museo Rufino Tamayo, Museo de Monterrey, septiembre 1988-enero 1989, México. a[Mexico City] :bMuseo Rufino Tamayo,c[1988] a77 p. :bill. (col.) ;c28 cm. aComentarios de Alfredo Boulton, Alejo Carpentier, Guillermo Meneses, Alejandro Otero, Arturo Uslar Pietri y Alejandro Rossi. aIncludes bibliographical references (p. 73-74)10aReveron, Armando,d1889-1954xExhibiciones aArte VenezolanoyS. 202 aMuseo Rufino Tamayo.2 aMuseo de Monterrey.